Представление документа в формате RUSMARC

ПолеНазваниеЗначение
  Тип записи a
  Библиографический уровень c
001 Контрольный номер RU/SLIB/B/241187745
005 Дата корректировки 20201206204527.4
010 Индекс ISBN __
d Цена 1500-00
101 Язык документа 0_
a Язык текста rus
c Язык оригинала rus
200 Заглавие и сведения об ответственности 1_
a Заглавие Путешествие с двумя паспортами
f Первые сведения об ответственности Борис Изаков
b Общее обозначение материала Текст
210 Выходные данные __
a Место издания М.
c Издательство АПН
d Дата издания 1968
215 Физическое описание __
a Объем 191, [1] с.
300 Общие примечания __
a Общие примечания Кн. из лич. б-ки П. А. Грязневича
a Общие примечания Ред. кн.
327 Примечание о содержании __
a Примечание о содержании Второй паспорт
327 Примечание о содержании __
a Примечание о содержании Жемчужина Средиземного моря
327 Примечание о содержании __
a Примечание о содержании В знойном Судане
327 Примечание о содержании __
a Примечание о содержании Йемен: "начинаем с нуля"
327 Примечание о содержании __
a Примечание о содержании В Каире и вверх по Нилу
327 Примечание о содержании __
a Примечание о содержании На реках Вавилонских
327 Примечание о содержании __
a Примечание о содержании За Каспием
327 Примечание о содержании __
a Примечание о содержании Рекордный перелет
606 Тематические рубрики __
a Основная рубрика Художественная литература
z Хронологическая подрубрика 20 в.
y Географическая подрубрика Россия; СССР; Йемен; Каир; Средиземное море
606 Тематические рубрики __
a Основная рубрика Русская литература XX в. (произведения)
610 Ключевые слова __
a Ключевые слова путевые заметки; путевые очерки; тема путешествий; советская литература
686 Индексы других классификаций __
a Классификационный индекс 84(2Рос=Рус)6-4
700 Автор _1
a Фамилия Изаков
b Имя Б.
g Полное личное имя Борис
4 Код отношения 070
801 Источник записи _0
a Страна RU
b Организация Муниципальное бюджетное учреждение культуры "Централизованная библиотечная система" г. Сургут (Центральная городская библиотека им. А. С. Пушкина)
g Правила каталогизации КиК/Поспелова
801 Источник записи _1
a Страна RU
b Организация Муниципальное бюджетное учреждение культуры "Централизованная библиотечная система" г. Сургут (Центральная городская библиотека им. А. С. Пушкина)
g Правила каталогизации КиК/Поспелова
852 Данные о местонахождении __
j Шифр хранения 84(2Рос=Рус)6-4
c Каталожный индекс 84(2Рос=Рус)6-4
i Авторский знак И 32
901 Тип документа __
t Тип документа x
903 Характеристики (МАРС) __
a Дата передачи 20070904
969 Тип издания __
a Тип издания сборник
990 Данные о заказе (DOS) __
j Количество экземпляров (DOS) 1
t N записи в КСУ для И/У (DOS) 200709